<?xml version="1.0" encoding="UTF-8"?>
<collection xmlns="http://www.loc.gov/MARC21/slim">
    <record>
        <controlfield tag="001">101187</controlfield>
        <controlfield tag="005">20210407143739.0</controlfield>
        <datafield tag="024" ind1="7" ind2=" ">
            <subfield code="2">doi</subfield>
            <subfield code="a">10.1387/lan-harremanak.20561</subfield>
        </datafield>
        <datafield tag="024" ind1="8" ind2=" ">
            <subfield code="2">sideral</subfield>
            <subfield code="a">123801</subfield>
        </datafield>
        <datafield tag="037" ind1=" " ind2=" ">
            <subfield code="a">ART-2019-123801</subfield>
        </datafield>
        <datafield tag="041" ind1=" " ind2=" ">
            <subfield code="a">spa</subfield>
        </datafield>
        <datafield tag="100" ind1=" " ind2=" ">
            <subfield code="0">(orcid)0000-0003-0091-450X</subfield>
            <subfield code="a">Lafuente Pastor, Vicente Pedro</subfield>
            <subfield code="u">Universidad de Zaragoza</subfield>
        </datafield>
        <datafield tag="245" ind1=" " ind2=" ">
            <subfield code="a">¿Un cambio de paradigma en la construcción? Un estudio en Aragón sobre el organismo paritario del sector y la cualificación de la mano de obra como motores de la transformación</subfield>
        </datafield>
        <datafield tag="260" ind1=" " ind2=" ">
            <subfield code="c">2019</subfield>
        </datafield>
        <datafield tag="506" ind1="0" ind2=" ">
            <subfield code="a">Access copy available to the general public</subfield>
            <subfield code="f">Unrestricted</subfield>
        </datafield>
        <datafield tag="520" ind1="3" ind2=" ">
            <subfield code="a">La recuperación del sector de la construcción, tras una crisis muy profunda, viene acompañada por algunas iniciativas empresariales que demandan mano de obra cualificada en competencias básicas digitales y en técnicas constructivas con procesos de gestión industrializados. El resultado es que dichos profesionales no están disponibles en el mercado de trabajo. En el estudio del caso analizado en Aragón, se constata, a pesar de lo dicho, una cifra de parados elevada. Este desajuste se explica por un déficit de cualificación y formación, anudado a carencias sistémicas de itinerarios de orientación, reciclaje y empleabilidad. Se sustenta la tesis, para salvar estas contradicciones, de la necesidad de impulsar un sector innovador y sostenible, así como su necesaria industrialización, promoviendo un empleo de calidad y estable alejado de la precarización y disrupción de la actividad que ha caracterizado hasta la fecha sus ciclos económicos. El Organismo Paritario denominado Fundación Laboral de la Construcción (FLC), nacido de la negociación colectiva, puede ser una herramienta idónea para la consecución de estos fines.   The recovery of the sector of construction, after a very deep crisis, is accompanied by business initiatives that require skilled labour in digital literacy skills and construction techniques with industrialized management processes. The result is that these professionals are not available in the labour market. The study of case discussed in Aragon proves, despite what was said, the existence of a large numbers of unemployed. This imbalance is explained by a deficit of labour qualification and training, knotted to general deficiencies of itineraries of orientation, recycling and employability. This gives support to the thesis, to save this contradictions, that it is needed to promote a sustainable and innovative sector, as well as its necessary industrialization, fostering the development of a quality and stable employment, away from routes of precariousness of the labor force of activity that has characterized thus far their business cycles. The Parity Organization of the Sector called.</subfield>
        </datafield>
        <datafield tag="540" ind1=" " ind2=" ">
            <subfield code="9">info:eu-repo/semantics/openAccess</subfield>
            <subfield code="a">by</subfield>
            <subfield code="u">http://creativecommons.org/licenses/by/3.0/es/</subfield>
        </datafield>
        <datafield tag="655" ind1=" " ind2="4">
            <subfield code="a">info:eu-repo/semantics/article</subfield>
            <subfield code="v">info:eu-repo/semantics/publishedVersion</subfield>
        </datafield>
        <datafield tag="710" ind1="2" ind2=" ">
            <subfield code="1">4003</subfield>
            <subfield code="2">140</subfield>
            <subfield code="a">Universidad de Zaragoza</subfield>
            <subfield code="b">Dpto. Derecho de la Empresa</subfield>
            <subfield code="c">Área Derecho Trabajo y S.S.</subfield>
        </datafield>
        <datafield tag="773" ind1=" " ind2=" ">
            <subfield code="g">41 (2019), 298-322</subfield>
            <subfield code="p">Lan harremanak</subfield>
            <subfield code="t">Lan harremanak</subfield>
            <subfield code="x">1575-7048</subfield>
        </datafield>
        <datafield tag="856" ind1="4" ind2=" ">
            <subfield code="s">231442</subfield>
            <subfield code="u">http://zaguan.unizar.es/record/101187/files/texto_completo.pdf</subfield>
            <subfield code="y">Versión publicada</subfield>
        </datafield>
        <datafield tag="856" ind1="4" ind2=" ">
            <subfield code="s">1806766</subfield>
            <subfield code="u">http://zaguan.unizar.es/record/101187/files/texto_completo.jpg?subformat=icon</subfield>
            <subfield code="x">icon</subfield>
            <subfield code="y">Versión publicada</subfield>
        </datafield>
        <datafield tag="909" ind1="C" ind2="O">
            <subfield code="o">oai:zaguan.unizar.es:101187</subfield>
            <subfield code="p">articulos</subfield>
            <subfield code="p">driver</subfield>
        </datafield>
        <datafield tag="951" ind1=" " ind2=" ">
            <subfield code="a">2021-04-07-12:58:29</subfield>
        </datafield>
        <datafield tag="980" ind1=" " ind2=" ">
            <subfield code="a">ARTICLE</subfield>
        </datafield>
    </record>

    
</collection>